| 000 | 00365nam a22001337a 4500 | ||
|---|---|---|---|
| 020 | _qPB. | ||
| 040 | _cFIZZ A ISHAQ | ||
| 082 |
_a794.8 _bPHI |
||
| 100 |
_aCONNOR,O PHILIPPE. _991582 |
||
| 245 |
_aTHE CRAFT AND SCIENCE OF GAME DESIGN A VIDEO GAME DESIGNER'S MANUAL / _cPHILIPPE O'CONNOR. |
||
| 260 |
_aCRC PRESS ; _c794.8 |
||
| 300 | _a2021 P.; | ||
| 942 |
_2ddc _cBK |
||
| 999 |
_c589714 _d589714 |
||